000 00833cam a2200265 4500
001 19887
003 BD-RjUL
005 20211209000506.0
008 140226s1969 enk b 000 1 eng
020 _a0710062737
035 _a(BD-RjUL)19948
040 _aDLC
_cDLC
_dDLC
_dBD-RjUL
_beng
041 _aeng
082 0 0 _a823.508
_bNOV 1969
245 1 4 _aThe novel in letters:
_bepistolary fiction in the early English novel, 1678-1740 /
_cedited with an introduction and notes by Natascha Würzbach.
260 _aLondon :
_bRoutledge & K. Paul,
_cc1969.
300 _axxxv, 288 p. ;
_c23 cm.
350 _a42/-
504 _aBibliography: p. 283-287.
650 0 _aEpistolary fiction, English.
_961079
700 1 _aWürzbach, Natascha,
_961080
942 _2ddc
_cBK
999 _c19887
_d19887